000
00284nam a22001337a 4500
008
190227b xxu||||| |||| 00| 0 eng d
020
_a
9780765682840
041
_a
eng
080
_a
321
100
_a
19
101
_a
SHP
245
_a
World Terrorism
_c
Ciment, J
942
_2
udc
_c
BK
999
_c
54352
_d
54352